<?xml version="1.0" encoding="UTF-8"?><?xml-stylesheet type="text/xsl" href="static/style.xsl"?><OAI-PMH xmlns="http://www.openarchives.org/OAI/2.0/" xmlns:xsi="http://www.w3.org/2001/XMLSchema-instance" xsi:schemaLocation="http://www.openarchives.org/OAI/2.0/ http://www.openarchives.org/OAI/2.0/OAI-PMH.xsd"><responseDate>2026-04-14T05:09:02Z</responseDate><request verb="GetRecord" identifier="oai:www.recercat.cat:10256/19168" metadataPrefix="marc">https://recercat.cat/oai/request</request><GetRecord><record><header><identifier>oai:recercat.cat:10256/19168</identifier><datestamp>2024-06-14T09:44:53Z</datestamp><setSpec>com_2072_452955</setSpec><setSpec>com_2072_2054</setSpec><setSpec>col_2072_453064</setSpec></header><metadata><record xmlns="http://www.loc.gov/MARC21/slim" xmlns:dcterms="http://purl.org/dc/terms/" xmlns:xsi="http://www.w3.org/2001/XMLSchema-instance" xmlns:doc="http://www.lyncode.com/xoai" xsi:schemaLocation="http://www.loc.gov/MARC21/slim http://www.loc.gov/standards/marcxml/schema/MARC21slim.xsd">
   <leader>00925njm 22002777a 4500</leader>
   <datafield ind2=" " ind1=" " tag="042">
      <subfield code="a">dc</subfield>
   </datafield>
   <datafield ind2=" " ind1=" " tag="720">
      <subfield code="a">Matilla, Kathy</subfield>
      <subfield code="e">author</subfield>
   </datafield>
   <datafield ind2=" " ind1=" " tag="720">
      <subfield code="a">Compte Pujol, Marc</subfield>
      <subfield code="e">author</subfield>
   </datafield>
   <datafield ind2=" " ind1=" " tag="720">
      <subfield code="a">Miranda, Thais</subfield>
      <subfield code="e">author</subfield>
   </datafield>
   <datafield ind2=" " ind1=" " tag="720">
      <subfield code="a">Oliveira dos Santos, Andrea</subfield>
      <subfield code="e">author</subfield>
   </datafield>
   <datafield ind2=" " ind1=" " tag="260">
      <subfield code="c">2019-01-15</subfield>
   </datafield>
   <datafield ind2=" " ind1=" " tag="520">
      <subfield code="a">Our main objective is to identify the postgraduate university training of Spanish communication directors associated with Dircom in order to understand the link between the studies they undertake and the orientation and quality of their praxis. To do so, we developed a cross-sectional descriptive study followed by a content analysis. As a limitation to the study, we note that the size of the sample does not allow one to chart a generalized map on the object of study, although it can be considered a highly representative sample of opportunity, and the results can be taken as trends. We observed that the work position of the communication director is predominantly nurtured by professionals trained in postgraduate courses in Communication, of highly atomized typologies and specialized in highly dispersed disciplines. Future research is necessary to verify whether, in the coming years, there is a greater consensus in the postgraduate curricula of Spanish communication directors. The results obtained could infer some recruitment criteria of the Spanish communication directors in terms of postgraduate training received and, thus, the results of the research may be of interest to guide general managers and human resources in improving the profile design of knowledge</subfield>
   </datafield>
   <datafield ind2=" " ind1=" " tag="520">
      <subfield code="a">El objetivo principal consiste en identificar la formación universitaria de postgrado de&#xd;
los directores de comunicación españoles asociados a Dircom para comprender la&#xd;
vinculación entre los estudios cursados y la orientación y calidad de su praxis. Se ha&#xd;
desarrollado un estudio descriptivo transversal, seguido de un análisis de contenidos.&#xd;
Como limitación al estudio señalar que el tamaño de la muestra no permite cartografiar&#xd;
un mapa generalizado sobre el objeto de estudio, aunque puede considerarse una&#xd;
muestra de oportunidad altamente representativa, de modo que los resultados&#xd;
pueden ser tenidos en cuenta como tendencias. Se observa que la posición se&#xd;
nutre prevalentemente de profesionales formados en postgrados en Comunicación,&#xd;
de tipologías muy atomizadas y especializadas en disciplinas diversas altamente&#xd;
dispersas. Futuras investigaciones son necesarias para comprobar si, en los próximos&#xd;
años, se produce un mayor consenso en los curricula de postgrado de los directores de&#xd;
comunicación españoles. Los resultados obtenidos podrían inferir algunos criterios de&#xd;
contratación de los directores de comunicación españoles en cuanto a formación de&#xd;
postgrado recibida y, así, los resultados de la investigación pueden resultar de interés&#xd;
para orientar a directores generales y de recursos humanos en mejorar el diseño del&#xd;
perfil de conocimientos y competencias requerido para el ejercicio estratégico de la&#xd;
función</subfield>
   </datafield>
   <datafield ind1="8" ind2=" " tag="024">
      <subfield code="a">http://hdl.handle.net/10256/19168</subfield>
   </datafield>
   <datafield tag="653" ind2=" " ind1=" ">
      <subfield code="a">Comunicació -- Ensenyament universitari</subfield>
   </datafield>
   <datafield tag="653" ind2=" " ind1=" ">
      <subfield code="a">Comunication -- Study and teaching (Higher)</subfield>
   </datafield>
   <datafield ind2="0" ind1="0" tag="245">
      <subfield code="a">La formación de postgrado de los directores de comunicación españoles = Postgraduate training of Spanish directors of communication</subfield>
   </datafield>
</record></metadata></record></GetRecord></OAI-PMH>